Statistics for All Countries That Do Not Contain I

Click here to take the quiz!

General Stats

  • This quiz has been taken 2,148 times
  • The average score is 67 of 77

Answer Stats

Answer% Correct
Canada
96%
France
95%
Norway
95%
Sweden
95%
Germany
94%
Japan
94%
Portugal
94%
Egypt
93%
North Korea
93%
Oman
93%
South Korea
93%
Yemen
93%
Denmark
92%
Peru
92%
Andorra
91%
Greece
91%
Morocco
91%
Poland
91%
Laos
90%
Netherlands
90%
New Zealand
90%
Panama
90%
Paraguay
90%
South Sudan
90%
Sudan
90%
Uruguay
90%
Honduras
89%
Turkey
89%
Venezuela
89%
Cuba
88%
Ghana
88%
Guyana
88%
Kenya
88%
Qatar
88%
Togo
88%
Chad
87%
Jordan
87%
Luxembourg
87%
Bhutan
86%
Guatemala
86%
Hungary
86%
Nepal
86%
Rwanda
86%
Angola
85%
Bahamas
85%
Cyprus
85%
Ecuador
85%
Monaco
85%
Tonga
85%
Uganda
85%
Kazakhstan
84%
Kosovo
84%
Lebanon
84%
Lesotho
84%
Madagascar
84%
Palau
84%
Senegal
84%
Vanuatu
84%
Barbados
83%
Belarus
83%
El Salvador
83%
Malta
83%
Nauru
83%
Comoros
82%
Gabon
82%
Myanmar
82%
Samoa
82%
Seychelles
82%
Tuvalu
82%
Bangladesh
80%
Grenada
80%
Botswana
79%
Moldova
79%
Montenegro
79%
Cameroon
78%
Kyrgyzstan
77%
Cape Verde
76%

Score Distribution

Percentile by Number Answered

Percent of People with Each Score

Your Score History

You have not taken this quiz